Šok z prosperity : čítanka z globálnej problematiky. I / sestavili Mikuláš Huba, Pavel Nováček
Record details
- ISBN: 80-967381-6-X
- Physical Description: 146 s.
- Edition: 1. vyd.
- Publisher: Bratislava : Spoločnosť pre trvalo udržatel'ný život v SR, 1995
Search for related items by subject
| Subject: | globální problémy životní prostředí evoluce lidského chování budoucnost environmentální etika udržitelný rozvoj |
Available copies
- 1 of 1 copy available at Common Catalog SPOK.
Holds
- 0 current holds with 1 total copy.
Show All Copies
| Location | Call Number / Copy Notes | Barcode | Shelving Location | Status | Due Date |
|---|---|---|---|---|---|
| Varianty | Cho Šo | 4605401402 | Šafaříkova 17 - 5. patro, chodba | Available | - |
| LDR | 01680nam a2200505 4500 | ||
|---|---|---|---|
| 001 | 31907 | ||
| 003 | CZ-PrJAB | ||
| 005 | 20190525083416.0 | ||
| 007 | ta | ||
| 008 | 991117s1995 xo ||| | slo | ||
| 020 | . | ‡a80-967381-6-X ‡q(brož.) | |
| 035 | . | ‡a(CZ PrSKC)000002427 | |
| 040 | . | ‡aABD157 ‡bcze ‡dABD063 ‡dABD064 | |
| 080 | . | ‡a304.2 | |
| 080 | . | ‡a502/504 ‡2MRF | |
| 080 | . | ‡a502.131.1 ‡2MRF | |
| 080 | . | ‡a316.423 ‡2MRF | |
| 080 | . | ‡a502:17 ‡2MRF | |
| 080 | . | ‡a316.61/.62 ‡2MRF | |
| 245 | 0 | 0. | ‡aŠok z prosperity : ‡bčítanka z globálnej problematiky. ‡nI / ‡csestavili Mikuláš Huba, Pavel Nováček |
| 250 | . | ‡a1. vyd. | |
| 260 | . | ‡aBratislava : ‡bSpoločnosť pre trvalo udržatel'ný život v SR, ‡c1995 | |
| 300 | . | ‡a146 s. | |
| 650 | 0 | 7. | ‡aglobální problémy ‡7ph114633 ‡2czenas |
| 650 | 0 | 7. | ‡aživotní prostředí ‡7ph135446 ‡2czenas |
| 650 | 0 | 7. | ‡aevoluce lidského chování ‡7ph137460 ‡2czenas |
| 650 | 0 | 4. | ‡abudoucnost |
| 650 | 0 | 7. | ‡aenvironmentální etika ‡7ph119953 ‡2czenas |
| 650 | 0 | 7. | ‡audržitelný rozvoj ‡7ph126768 ‡2czenas |
| 700 | 1 | . | ‡aHuba, Mikuláš, ‡d1954- ‡7mzk2003186088 ‡4com |
| 700 | 1 | . | ‡aNováček, Pavel, ‡d1961- ‡7jn20000401884 ‡4com |
| 710 | 2 | . | ‡aUniverzita Palackého. ‡bPřírodovědecká fakulta ‡7kn20010709377 |
| 910 | . | ‡aABH006 | |
| 901 | . | ‡a31907 ‡b ‡c31907 ‡tbiblio | |